000 00648nam a2200229Ia 4500
003 OSt
005 20220923225730.0
006 a|||||r|||| 00| 0
007 ta
008 Pun
024 _a274,269
037 _cTextual
040 _aARTS
_cARTS
_bPun
041 _2Pun
_aPun
082 _aO153:g, K6
100 _aਸਿੰਘ, ਗੁਰਬਚਨ
_9156291
245 0 _aਆਧੁਨਿਕ ਪੰਜਾਬੀ ਸਾਹਿਤ
_b ਪੰਜਾਬੀ ਵਾਰਤਕ
260 _c1966
650 _aਪੰਜਾਬੀ ਸਾਹਿਤ
942 _hO153:g, K6
_cTEXL
_2CC
999 _c380033
_d380033